000 01450naa a22003257a 4500
001 BR7310711
003 BR-BrBNA
005 20240918173521.0
007 ta
008 230509b bl.||||| |||| 00| 0 por d
040 _aBR-BrBNA
_bpor
_cBiblioteca Nacional de Agricultura
041 _a(Pt)
072 _aH10
_b2120
_b4020
090 _aH10 BR7310711
110 1 _aPrograma Integrado de Pesquisa Agropecuaria do Estado de Minas Gerais, Belo Horizonte (Brasil)
111 1 _a1. Congresso Brasileiro sobre Pragas e Doencas do Cafeeiro
_cVitoria, ES (Brazil)
_d4 Jul 1973
245 1 _aFlutuacao populacional da broca do cafe, Hypothenemus hampei (Ferrari, 1867)(Coleoptera: Scolytidae), sua correlacao com os dados climaticos (temperatura do ar, precipitacao e umidade relativa do ar)e condicoes fisiograficas
260 3 _aRio de Janeiro, GB (Brasil):
_c1973.
500 _aResumos dos trabalhos apresentados no 1. Congresso Brasileiro sobre Pragas e Doencas do Cafeeiro Rio de Janeiro, GB (Brasil): 1973. p. 43 (BR7310711-AM)H10
650 _aCAFE
650 _aINSETO
650 _aFLUTUACAO POPULACIONAL
650 _aBROCA
650 _aTEMPERATURA
650 _aCLIMA
650 _aUMIDADE
773 0 _tResumos dos trabalhos apresentados no 1. Congresso Brasileiro sobre Pragas e Doencas do Cafeeiro
_wH10 BR7310711
_gRio de Janeiro, GB (Brasil), 1973. p. 43
909 _a202404
_bLucia
_c55
_dLucia Elande
942 _cAM
_2AGRIS
999 _c305122
_d305122